00830 a2200193 45000010006000000050017000060080041000230030015000640400040000790800018001192450041001370200022001782640033002003000019002335050249002521000015005017000021005168560099005374773820260407155743.0260407a2010 arg spa dAR-UNSa-BCEJYS aAR-UNSa-BCEJYSbspacAR-UNSa-BCEJYS a530xFísica10aEl universo en una cáscara de nuez a978-84-9892-187-8 1aBarcelona :bCríticac2010 a246 p.c19 cm. a1. Breve historia de la relatividad - 2. La forma del tiempo - 3. El universo en una cáscara de nuez - 4. Prediciendo el futuro - 5. Protegiendo el pasado - 6. ¿Será nuestro futuro como Star Trek o no? - 7. Los nuevos universos membrana - 1 aJou, David1 aHawking, Stephen41uhttps://www.biblioeco.unsa.edu.ar/pmb/images/libros/L127655.jpgyImagen de portadaqimage/jpeg